000 00518nam a2200193 a 4500
001 1768630936695
003 YourLibrary
005 20260117115420.0
008 260117s2010##################000#0#eng##
020 _a9780071667333
082 0 4 _a618.8
_bSIN
100 1 _aSingh, Kuldeep,
_eauthor.
245 1 0 _aStep by Step Ultrasound in Obstetrics, Second Edition :
260 _bJAYPEE IMPORT,
_c2010.
300 _a300 pages
650 0 _aMedical.
942 _cENGLISH
040 _aYourLibrary
_beng
_cYourLibrary
999 _c608461
_d608461